Efektívnosť kohéznej politiky EÚ

Metódy hodnotenia efektívnosti kohéznej politiky. Empirické metódy skúmania konvergencie: prípadové štúdie, modelové simulácie a ekonometrické analýzy. Makroekonomické modely na úrovni Európskej únie. Ekonometrické štúdie. Prístup dynamickej input-output analýzy. Metodológia časových radov.

Gespeichert in:
Bibliographische Detailangaben
1. Verfasser: Gerulová, Lukrécia, 1978-
Weitere Verfasser: Kováč, Urban
Format: Buchkapitel
Sprache:Slowakisch
Schlagworte:
Tags: Tag hinzufügen
Keine Tags, Fügen Sie das erste Tag hinzu!

MARC

LEADER 00000naa$a2200000$$$4500
001 0082101
005 20240502071924.8
041 0 |a slo 
044 |a SK 
245 1 0 |a Efektívnosť kohéznej politiky EÚ  |c Lukrécia Gerulová, Urban Kováč 
520 |a Metódy hodnotenia efektívnosti kohéznej politiky. Empirické metódy skúmania konvergencie: prípadové štúdie, modelové simulácie a ekonometrické analýzy. Makroekonomické modely na úrovni Európskej únie. Ekonometrické štúdie. Prístup dynamickej input-output analýzy. Metodológia časových radov. 
610 2 0 |a analýzy 
610 2 0 |a ekonometria 
610 2 0 |a simulácia 
610 2 0 |a modely makroekonomické 
610 2 0 |a modely mikroekonomické 
610 2 0 |a rady časové 
610 2 0 |a konvergencia 
610 2 0 |a pomoc finančná 
610 2 0 |a pomoc medzinárodná 
610 2 0 |a efektívnosť 
610 2 0 |a Európska únia 
100 1 |a Gerulová, Lukrécia, 1978- 
700 1 |a Kováč, Urban